Statistics for Fifa 19 All Card Types

Click here to take the quiz!

General Stats

  • This quiz has been taken 87 times
  • The average score is 17 of 51

Answer Stats

Card Types% Correct
Inform gold
87%
Team of the Season Gold
86%
Team of the Year
86%
Rare Gold
83%
Rare Silver
83%
Rare Bronze
81%
Non-rare Gold
71%
Non-rare Silver
71%
Non-rare Bronze
70%
Icon
66%
Man of the Match
66%
Inform Silver
63%
Ones To Watch
61%
Inform Bronze
60%
FUT Birthday
51%
Hero
46%
Prime Icon Moments
37%
Carniball
36%
FUTMAS
36%
Future Stars
30%
Champions League Rare
29%
SBC
29%
Headliner
27%
Record Breaker
27%
Champions League Non-rare
26%
Ultimate Scream
24%
Champions League Live
23%
Flashback SBC
23%
Champions League MOTM
19%
FUT Champions Gold
17%
Team of the Year Nominee
17%
Europa League Live
16%
Europa League MOTM
16%
FUT Champions Bronze
16%
FUT Champions Silver
16%
Champions League TOTT
13%
Premier League POTM
13%
Team of the Season Moments
13%
Bundesliga POTM
11%
SBC Premium
10%
Europa League TOTT
9%
Award Winner
6%
Europa League SBC
6%
Pro Player Card
6%
St. Patricks Day
6%
Champions League SBC
4%
MLS POTM
3%
Swap Deals
3%
Europa League Base
1%
Future Stars Nominee
1%
Swap Deals Rewards
0%

Score Distribution

Percentile by Number Answered

Percent of People with Each Score

Your Score History

You have not taken this quiz